WWE - The British Bulldog's PPV Opponents - Statistics

General Stats
  • This quiz has been taken 297 times
  • The average score is 66 of 123
Answer Stats
Year Event Match Type Answer % Correct
1987 WrestleMania III 6-Man Tag Team Match Bret Hart
97%
1987 Survivor Series 10 vs. 10 Elimination Match Bret Hart
97%
1992 SummerSlam Bret Hart
97%
1995 In Your House 5: Season's Beatings Bret Hart
97%
1994 Survivor Series 5 vs. 5 Elimination Match Owen Hart
96%
1995 In Your House 2: The Lumberjacks Tag Team Match Owen Hart
96%
1995 Survivor Series 4 vs. 4 Elimination Match Owen Hart
96%
1994 Survivor Series 5 vs. 5 Elimination Match Shawn Michaels
90%
1995 In Your House 3: Triple Header Tag Team Match Shawn Michaels
90%
1996 In Your House 8: Beware Of Dog Shawn Michaels
90%
1996 King of the Ring Shawn Michaels
90%
1996 In Your House 9: International Incident 6-Man Tag Team Match Shawn Michaels
90%
1997 One Night Only Shawn Michaels
90%
1999 Unforgiven 6-Pack Challenge Match The Rock
87%
1999 No Mercy The Rock
87%
1997 In Your House 16: Canadian Stampede 10-Man Tag Team Match Stone Cold Steve Austin
86%
1987 WrestleMania III 6-Man Tag Team Match Jim Neidhart
84%
1987 Survivor Series 10 vs. 10 Elimination Match Jim Neidhart
84%
1999 Unforgiven 6-Pack Challenge Match Triple H
83%
1994 Survivor Series 5 vs. 5 Elimination Match Jim Neidhart
80%
1999 Unforgiven 6-Pack Challenge Match Kane
77%
1994 Survivor Series 5 vs. 5 Elimination Match Diesel
73%
1995 In Your House 3: Triple Header Tag Team Match Diesel
73%
1995 In Your House 4: Great White North Diesel
73%
1997 WrestleMania 13 Tag Team Match Mankind
68%
1999 Unforgiven 6-Pack Challenge Match Mankind
68%
1995 In Your House 2: The Lumberjacks Tag Team Match Yokozuna
67%
1995 Survivor Series 4 vs. 4 Elimination Match Yokozuna
67%
1996 In Your House 6: Rage In The Cage Yokozuna
67%
1996 WrestleMania XII 6-Man Tag Team Match Yokozuna
67%
1996 In Your House 10: Mind Games Tag Team Match Billy Gunn
66%
1996 In Your House 11: Buried Alive Tag Team Match Billy Gunn
66%
1996 In Your House 12: It's Time Tag Team Match Fake Razor Ramon
65%
1997 In Your House 16: Canadian Stampede 10-Man Tag Team Match Goldust
65%
1997 Survivor Series 4 vs. 4 Elimination Match Goldust
65%
1995 Survivor Series 4 vs. 4 Elimination Match Razor Ramon
65%
1996 In Your House 10: Mind Games Tag Team Match Bart Gunn
63%
1996 In Your House 11: Buried Alive Tag Team Match Bart Gunn
63%
1996 Survivor Series 4 vs. 4 Elimination Match Henry O. Godwinn
63%
1997 In Your House 17: Ground Zero 4-Team Elimination Match Henry O. Godwinn
63%
1991 Survivor Series 4 vs. 4 Elimination Match Ted DiBiase
63%
1997 WrestleMania 13 Tag Team Match Vader
63%
1997 In Your House 18: Badd Blood Tag Team Flag Match Vader
63%
1997 Survivor Series No DQ Dog Collar Match Vader
63%
1997 Survivor Series 4 vs. 4 Elimination Match Vader
63%
1996 In Your House 12: It's Time Tag Team Match Fake Diesel
62%
1997 In Your House 14: Revenge Of The 'Taker Tag Team Match Animal
59%
1997 King of the Ring 6-Man Tag Team Match Animal
59%
1997 In Your House 16: Canadian Stampede 10-Man Tag Team Match Animal
59%
1997 In Your House 17: Ground Zero 4-Team Elimination Match Animal
59%
1997 In Your House 14: Revenge Of The 'Taker Tag Team Match Hawk
58%
1997 King of the Ring 6-Man Tag Team Match Hawk
58%
1997 In Your House 16: Canadian Stampede 10-Man Tag Team Match Hawk
58%
1997 In Your House 17: Ground Zero 4-Team Elimination Match Hawk
58%
1987 Survivor Series 10 vs. 10 Elimination Match Ax
57%
1988 Survivor Series 10 vs. 10 Elimination Match Ax
57%
1987 Survivor Series 10 vs. 10 Elimination Match Smash
57%
1988 Survivor Series 10 vs. 10 Elimination Match Smash
57%
1999 Rebellion X-Pac
55%
1996 WrestleMania XII 6-Man Tag Team Match Jake Roberts
54%
1996 In Your House 7: Good Friends, Better Enemies Tag Team Match Jake Roberts
54%
1986 WrestleMania II Tag Team Match Greg Valentine
53%
1987 Survivor Series 10 vs. 10 Elimination Match Greg Valentine
53%
1997 In Your House 16: Canadian Stampede 10-Man Tag Team Match Ken Shamrock
53%
1997 SummerSlam Ken Shamrock
53%
1991 Survivor Series 4 vs. 4 Elimination Match Ric Flair
53%
1999 Unforgiven 6-Pack Challenge Match The Big Show
53%
1996 In Your House 9: International Incident 6-Man Tag Team Match Sycho Sid
52%
1996 SummerSlam Sycho Sid
52%
1997 King of the Ring 6-Man Tag Team Match Sycho Sid
52%
1986 WrestleMania II Tag Team Match Brutus Beefcake
51%
1999 Armageddon Triple Threat Match D'Lo Brown
51%
1987 Survivor Series 10 vs. 10 Elimination Match Haku
48%
1988 WrestleMania IV 6-Man Tag Team Match Haku
48%
1994 Survivor Series 5 vs. 5 Elimination Match Jeff Jarrett
47%
2000 Insurrextion Hardcore Match Crash Holly
45%
1996 WrestleMania XII 6-Man Tag Team Match Ahmed Johnson
43%
1996 In Your House 7: Good Friends, Better Enemies Tag Team Match Ahmed Johnson
43%
1996 In Your House 9: International Incident 6-Man Tag Team Match Ahmed Johnson
43%
1991 WrestleMania VII The Warlord
41%
1991 SummerSlam 6-Man Tag Team Match The Warlord
41%
1991 Survivor Series 4 vs. 4 Elimination Match The Warlord
41%
1991 This Tuesday in Texas The Warlord
41%
1987 Survivor Series 10 vs. 10 Elimination Match Dino Bravo
40%
1991 SummerSlam 6-Man Tag Team Match Hercules
39%
1999 Survivor Series 4 vs. 4 Elimination Match Mark Henry
39%
1996 Survivor Series 4 vs. 4 Elimination Match Phineas I. Godwinn
37%
1997 In Your House 17: Ground Zero 4-Team Elimination Match Phineas I. Godwinn
37%
1988 SummerSlam Tag Team Match Jacques Rougeau
36%
1988 Survivor Series 10 vs. 10 Elimination Match Jacques Rougeau
36%
1997 Survivor Series 4 vs. 4 Elimination Match Marc Mero
36%
1988 SummerSlam Tag Team Match Raymond Rougeau
36%
1988 Survivor Series 10 vs. 10 Elimination Match Raymond Rougeau
36%
1999 Survivor Series 4 vs. 4 Elimination Match Val Venis
36%
1999 Armageddon Triple Threat Match Val Venis
36%
1987 WrestleMania III 6-Man Tag Team Match Danny Davis
32%
1987 Survivor Series 10 vs. 10 Elimination Match Nikolai Volkoff
32%
1988 Survivor Series 10 vs. 10 Elimination Match Nikolai Volkoff
32%
1997 Survivor Series 4 vs. 4 Elimination Match Steve Blackman
32%
1999 Survivor Series 4 vs. 4 Elimination Match Steve Blackman
32%
1997 In Your House 18: Badd Blood Tag Team Flag Match The Patriot
32%
1988 Survivor Series 10 vs. 10 Elimination Match Arn Anderson
29%
1995 WrestleMania XI Tag Team Match Eli Blu
29%
1995 WrestleMania XI Tag Team Match Jacob Blu
29%
1991 Survivor Series 4 vs. 4 Elimination Match The Mountie
29%
1995 In Your House 3: Triple Header Bam Bam Bigelow
28%
1997 In Your House 17: Ground Zero 4-Team Elimination Match Mosh
28%
1997 In Your House 17: Ground Zero 4-Team Elimination Match Thrasher
27%
1988 WrestleMania IV 6-Man Tag Team Match Bobby Heenan
26%
1991 SummerSlam 6-Man Tag Team Match Paul Roma
26%
1988 Survivor Series 10 vs. 10 Elimination Match Tully Blanchard
26%
1987 Survivor Series 10 vs. 10 Elimination Match Tama
24%
1988 WrestleMania IV 6-Man Tag Team Match Tama
24%
1996 Survivor Series 4 vs. 4 Elimination Match Doug Furnas
23%
1997 In Your House 13: Final Four Tag Team Match Doug Furnas
23%
1996 Survivor Series 4 vs. 4 Elimination Match Phil LaFon
23%
1997 In Your House 13: Final Four Tag Team Match Phil LaFon
23%
1987 Survivor Series 10 vs. 10 Elimination Match Boris Zhukov
22%
1988 Survivor Series 10 vs. 10 Elimination Match Boris Zhukov
22%
1988 Survivor Series 10 vs. 10 Elimination Match Dos
22%
1988 Survivor Series 10 vs. 10 Elimination Match Uno
22%
1999 Survivor Series 4 vs. 4 Elimination Match Gangrel
20%
1995 Survivor Series 4 vs. 4 Elimination Match Dean Douglas
18%
No matching quizzes found
Score Distribution
Percent of People with Each Score
Percentile by Number Answered
Your Score History
You have not taken this quiz